Sanat - Kyläbaari - Portion Boys - Statistics

Yleistilastot
  • Tätä visaa on pelattu 41 kertaa
  • Keskiarvotulos 139 / 223
Vastaustilastot
Vastaus % Oikein
kannattelen
97%
minä
97%
Minä
97%
pitäjää
97%
ja
90%
kyläbaarimme
90%
on
80%
jää
77%
ymmärrä
77%
mitä
73%
sitäkään
73%
jo
70%
kaikki
70%
kannattelen
70%
kurkusta
70%
muija
70%
pienestä
70%
vedän
70%
ei
67%
käy
67%
palkkapussistani
67%
tää
67%
vaikkei
67%
duunista
63%
63%
saan
63%
toisesta
63%
jos
60%
olla
60%
se
60%
en
57%
hani
57%
oo
57%
elämä
53%
sano
53%
huomista
50%
ikäni
50%
jaksa
50%
joskus
50%
juomista
50%
koko
50%
kulkenut
50%
lasissa
50%
mistään
50%
murehtia
50%
mut
50%
Näitä
50%
niin
50%
oon
50%
poika
50%
räkälä
50%
teitä
50%
Tuominen
50%
vastaa
50%
vastaan
50%
ylpeä
50%
juominen
47%
kylpeä
47%
meille
47%
olen
47%
pitkin
47%
pitsiä
47%
poikin
47%
samaa
47%
sulkenut
47%
voi
47%
alasti
43%
et
43%
jallua
43%
Jamppa
43%
jotain
43%
juosta
43%
kylänmiehille
43%
meidän
43%
mul
43%
myynyt
43%
ovensa
43%
sanoo
43%
tääl
43%
tehdas
43%
vaikka
43%
vielä
43%
järviä
40%
joissa
40%
kallista
40%
konkkaan
40%
kotiseudusta
40%
kysellään
40%
lisääntynyt
40%
menee
40%
mettiä
40%
vähän
40%
asialla
37%
jaloillaan
37%
jotenkin
37%
kyläbaarissa
37%
lonkkaa
37%
Nyt
37%
ollaan
37%
paratiisi
37%
pitää
37%
ulkopaikkakuntalaiset
37%
aikaa
33%
jäädä
33%
kerron
33%
koska
33%
local
33%
muuten
33%
Support
33%
tarinan
33%
tärkeällä
33%
tässä
33%
vetää
33%
your
33%
himaan
30%
olisikin
30%
pubi
30%
pyhä
30%
Ehtoja vastaavia visoja ei löytynyt
Tulosjakauma
Jokaisen tuloksen saaneiden osuus
Persentiili vastausten määrän mukaan
Tuloshistoriasi
Et ole pelannut tätä visaa